BEDSIDE CLINICS IN MEDICINE (Record no. 30444)

MARC details
000 -LEADER
fixed length control field 00347nam a22001577a 4500
003 - CONTROL NUMBER IDENTIFIER
control field SGT
020 ## - INTERNATIONAL STANDARD BOOK NUMBER
International Standard Book Number 9789354667718
082 ## - DEWEY DECIMAL CLASSIFICATION NUMBER
Classification number 616.024
Item number B24K
100 ## - MAIN ENTRY--PERSONAL NAME
Personal name KUNDU, ARUP KUMAR
245 ## - TITLE STATEMENT
Title BEDSIDE CLINICS IN MEDICINE
250 ## - EDITION STATEMENT
Edition statement 9TH
260 ## - PUBLICATION, DISTRIBUTION, ETC. (IMPRINT)
Place of publication, distribution, etc INDIA
Name of publisher, distributor, etc CBS PUB
Year of Publication 2024
300 ## - PAGE DESCRIPTION
No. of Pages 504
650 ## - SUBJECT ADDED ENTRY--TOPICAL TERM
Topical term or geographic name as entry element GENERAL MEDICINE
942 ## - ADDED ENTRY ELEMENTS (KOHA)
Source of classification or shelving scheme Dewey Decimal Classification
Koha item type Books
Holdings
Withdrawn status Lost status Source of classification or shelving scheme Damaged status Not for loan Collection code Home library Current library Shelving location Date acquired Vendor Name Cost, normal purchase price Volume Information (Serial or Books or Non-Book Material) SGTU Bill Number Full call number Accession No. (Barcode) Date last seen Bill Date Koha item type Total Checkouts Date last borrowed Checked out
    Dewey Decimal Classification   Not For Loan MEDICAL SGT Medical Library SGT Medical Library Reference Book 13/02/2025 ABC DELHI 995.00 VOL-1 SGTU 20481 616.024 B24K FM14605 25/03/2025 13/02/2025 Books      
    Dewey Decimal Classification     MEDICAL SGT Medical Library SGT Medical Library Text Book 13/02/2025 ABC DELHI 995.00 VOL-1 SGTU 20481 616.024 B24K FM14606 01/06/2026 13/02/2025 Books 5 18/05/2026  
    Dewey Decimal Classification     MEDICAL SGT Medical Library SGT Medical Library Text Book 13/02/2025 ABC DELHI 995.00 VOL-1 SGTU 20481 616.024 B24K FM14607 18/05/2026 13/02/2025 Books 7 18/05/2026 01/06/2026
    Dewey Decimal Classification     MEDICAL SGT Medical Library SGT Medical Library Text Book 13/02/2025 ABC DELHI 995.00 VOL-1 SGTU 20481 616.024 B24K FM14608 21/02/2026 13/02/2025 Books 5 02/02/2026  
    Dewey Decimal Classification   Not For Loan MEDICAL SGT Medical Library SGT Medical Library Reference Book 13/02/2025 ABC DELHI 695.00 VOL-2 SGTU 20481 616.024 B24K FM14609 25/03/2025 13/02/2025 Books      
    Dewey Decimal Classification     MEDICAL SGT Medical Library SGT Medical Library Text Book 13/02/2025 ABC DELHI 695.00 VOL-2 SGTU 20481 616.024 B24K FM14610 25/03/2025 13/02/2025 Books      
    Dewey Decimal Classification     MEDICAL SGT Medical Library SGT Medical Library Text Book 13/02/2025 ABC DELHI 695.00 VOL-2 SGTU 20481 616.024 B24K FM14611 25/03/2025 13/02/2025 Books      
    Dewey Decimal Classification     MEDICAL SGT Medical Library SGT Medical Library Text Book 13/02/2025 ABC DELHI 695.00 VOL-2 SGTU 20481 616.024 B24K FM14612 01/06/2026 13/02/2025 Books 6 20/05/2026